000 00564nam a2200181Ia 4500
008 090124s9999 xx 000 0 und d
082 _b32464
100 _aबापट मुकुन्द
245 _a स्वप्नछाया
250 _a1
260 _bगोकुऴ मासिक प्रकाशन
_c1995
300 _a2+194
600 _aबापट मुकुन्द
630 _a स्वप्नछाया
700 _aबापट मुकुन्द
730 _a स्वप्नछाया
942 _cBOOK
999 _c98083
_d98083